00585nam a2200193 a 450000100060000000300080000600500170001400800410003103500190007204000310009104100080012208200250013010000220015524500780017726000380025530000290029350400360032260000330035863681BD-RjUL20211209081225.0170202s1960 enka b 001 0beng  a(BD-RjUL)63810 aDLCcPPTdUkdBD-RjULbeng aeng a750.92223bHAM 19601 aHanson, Lawrence.10aMountain of victory :ba biography of Paul Cézanne /cLawrence Hanson,  aLondon :bSecker & Warburg,c1960 a222 p. :bill, ;c23 cm. aIncludes bibliography and index10aCézanne, Paul,d1839-1906.